000 00644nam a2200217 u 4500
005 20240803063811.0
008 120627s2004 es r 000 0 spa d
020 _a8495722399
035 _aUPN01000185527
049 _aCG
050 4 _aPC3942.16 R3.6
_bM3.6
100 1 _aFranco Martínez, Josep,
_d1955-
_932380
245 1 0 _aManuscrito de fray Orza /
_cJosep Franco ; tr. Soledad Carreño Albin.
260 _aAlzira, Esp. :
_bAlgar,
_c2004.
300 _a222 p.
440 0 _aAlgar joven ;
_v15
534 _pTítulo original:
_tManuscrit de mossén Gerra
650 4 _aNovela española
_910814
905 _aLibro
999 _c157630
_d157630